01657cam a22003374i 4500003000900000005001700009008004100026035001900067040003300086082002000119100002500139245012600164264007100290300003800361336002100399337002500420338002300445505071800468526001001186526001001196526001001206526001001216526000801226526000801234526000801242526000801250526000801258526000801266526000801274650003701282PE-LiUPU20250731173131.0150623s1997 ag r 000 0 spa d a(Sirsi) a26367 aPE-LiUPUbspacPE-LiUPUerda04a231.74bC752211 aCoon, Roger,eautor.13aLa dinámica de la inspiración y la revelación :ben la Biblia y en los escritos de Elena G. de White /cRoger Coon. 1aEntre Ríos, Argentina :bCentro de Investigación White,c1997. a229 páginas ;c21 centímetros atext2rdacontent aunmediated2rdamedia avolume2rdacarrier0 aEl funcionamiento del don profético -- Definiciones -- Un don operante -- Tres teorías de la inspiración-revelación -- El propósito de la inspiración-revelación -- Infalibilidad: puede equivocarse un verdadero profeta? -- La relación entre los escritos de Elena G. de White y la Biblia -- La analogía de la "luz mayor" y la "luz menor" -- El modelo de relación de Jemison -- Elena de White y el desarrollo de la doctrina adventista del séptimo día -- "La Biblia y sólo la Biblia" -- Hermenéutica: cómo interpretar a un profeta del siglo diecinueve en la era espacial -- Un modelo integrado para la aplicación hermenéutica -- Clave de abreviaturas de los libros de Elena de White. aSEG42 aSEG41 aSEG40 aSEG39 aP94 aP87 aP86 aP85 aP77 aP76 aP3504aIASDxOrientación profética.